Normal view
MARC view
Entry Personal Name
001 - CONTROL NUMBER
- control field: 25462
003 - CONTROL NUMBER IDENTIFIER
- control field: OSt
005 - DATE AND TIME OF LATEST TRANSACTION
- control field: 20211227143327.0
008 - FIXED-LENGTH DATA ELEMENTS
- fixed length control field: 211227|| aca||aabn | a|a d
040 ## - CATALOGING SOURCE
- Original cataloging agency: OSt
- Transcribing agency: OSt
100 ## - HEADING--PERSONAL NAME
- Personal name: Cohoon P. James
670 ## - SOURCE DATA FOUND
- Source citation: Work cat.: (OSt)24383: Cohoon P. James, C++ Program Design : An Introduction To Programming And Object -Oriented Design